<?xml version="1.0" encoding="UTF-8"?>
<record
    xmlns:xsi="http://www.w3.org/2001/XMLSchema-instance"
    xsi:schemaLocation="http://www.loc.gov/MARC21/slim http://www.loc.gov/standards/marcxml/schema/MARC21slim.xsd"
    xmlns="http://www.loc.gov/MARC21/slim">

  <leader>00710nam a22001337a 4500</leader>
  <datafield tag="040" ind1=" " ind2=" ">
    <subfield code="c">RUA</subfield>
  </datafield>
  <datafield tag="082" ind1=" " ind2=" ">
    <subfield code="a">AGR EM 2003 B029 Or.1</subfield>
  </datafield>
  <datafield tag="100" ind1=" " ind2=" ">
    <subfield code="a">EM SOPHEAK</subfield>
  </datafield>
  <datafield tag="245" ind1=" " ind2=" ">
    <subfield code="a">Response of mungbean to n,p and k application on sandy soil of the lowlands,(&#x1780;&#x17B6;&#x179A;&#x1786;&#x17D2;&#x179B;&#x17BE;&#x1793;&#x178F;&#x1794;&#x1793;&#x17C3;&#x178A;&#x17C6;&#x178E;&#x17B6;&#x17C6;&#x179F;&#x178E;&#x17D2;&#x178A;&#x17C2;&#x1780;&#x1794;&#x17B6;&#x1799;&#x1780;&#x17D2;&#x1793;&#x17BB;&#x1784;&#x1780;&#x17B6;&#x179A;&#x1794;&#x17D2;&#x179A;&#x17BE;&#x1794;&#x17D2;&#x179A;&#x17B6;&#x179F;&#x17CB; &#x1787;&#x17B8;&#x1787;&#x17B6;&#x178F;&#x17B7; &#x17A2;&#x17B7;&#x1793; &#x1794;&#x17C9;&#x17C1; &#x1793;&#x17B7;&#x1784;&#x200B;&#x1780;&#x17B6;&#x1793;&#x17C5;&#x179B;&#x17BE;&#x178A;&#x17B8;&#x1781;&#x17D2;&#x179F;&#x17B6;&#x1785;&#x17CB;&#x1781;&#x17D2;&#x179F;&#x178F;&#x17CB;&#x1787;&#x17B8;&#x1787;&#x17B6;&#x178F;&#x17B7;&#x1793;&#x17C3;&#x178F;&#x17C6;&#x1794;&#x1793;&#x17CB;&#x1791;&#x17C6;&#x1793;&#x17B6;&#x1794;)</subfield>
  </datafield>
  <datafield tag="260" ind1=" " ind2=" ">
    <subfield code="a">phnom penh</subfield>
    <subfield code="b">RUA</subfield>
    <subfield code="c">2003</subfield>
  </datafield>
  <datafield tag="300" ind1=" " ind2=" ">
    <subfield code="a">42p.</subfield>
    <subfield code="c">ill.</subfield>
  </datafield>
  <datafield tag="856" ind1=" " ind2=" ">
    <subfield code="u">https://drive.google.com/file/d/1v94CQlIOtwFwwskB5QUJfaavHCcXgK6F/view?usp=sharing</subfield>
  </datafield>
  <datafield tag="942" ind1=" " ind2=" ">
    <subfield code="c">AGR</subfield>
  </datafield>
  <datafield tag="999" ind1=" " ind2=" ">
    <subfield code="c">574</subfield>
    <subfield code="d">574</subfield>
  </datafield>
  <datafield tag="952" ind1=" " ind2=" ">
    <subfield code="0">0</subfield>
    <subfield code="1">0</subfield>
    <subfield code="2">ddc</subfield>
    <subfield code="4">0</subfield>
    <subfield code="6">AGR_EM_2003_000000000000000_B029_OR_1</subfield>
    <subfield code="7">0</subfield>
    <subfield code="9">2657</subfield>
    <subfield code="a">LBB</subfield>
    <subfield code="b">LBB</subfield>
    <subfield code="d">2015-09-16</subfield>
    <subfield code="l">2</subfield>
    <subfield code="o">AGR EM 2003 B029 Or.1</subfield>
    <subfield code="p">RUA001334</subfield>
    <subfield code="r">2022-02-07</subfield>
    <subfield code="s">2021-02-16</subfield>
    <subfield code="w">2015-09-16</subfield>
    <subfield code="y">AGR</subfield>
  </datafield>
  <datafield tag="952" ind1=" " ind2=" ">
    <subfield code="0">0</subfield>
    <subfield code="1">0</subfield>
    <subfield code="2">ddc</subfield>
    <subfield code="4">0</subfield>
    <subfield code="6">AGR_EM_2003_000000000000000_B029_OR_2</subfield>
    <subfield code="7">0</subfield>
    <subfield code="9">2658</subfield>
    <subfield code="a">LBB</subfield>
    <subfield code="b">LBA</subfield>
    <subfield code="d">2015-09-16</subfield>
    <subfield code="l">3</subfield>
    <subfield code="o">AGR EM 2003 B029 Or.2</subfield>
    <subfield code="p">RUA001406</subfield>
    <subfield code="q">2025-11-21</subfield>
    <subfield code="r">2025-10-14</subfield>
    <subfield code="s">2025-10-14</subfield>
    <subfield code="w">2015-09-16</subfield>
    <subfield code="y">AGR</subfield>
  </datafield>
  <datafield tag="952" ind1=" " ind2=" ">
    <subfield code="0">0</subfield>
    <subfield code="1">0</subfield>
    <subfield code="2">ddc</subfield>
    <subfield code="4">0</subfield>
    <subfield code="6">AGR_EM_2003_000000000000000_B029_OR_3</subfield>
    <subfield code="7">0</subfield>
    <subfield code="9">69634</subfield>
    <subfield code="a">LBB</subfield>
    <subfield code="b">LBB</subfield>
    <subfield code="c">B029</subfield>
    <subfield code="d">2017-12-15</subfield>
    <subfield code="l">3</subfield>
    <subfield code="o">AGR EM 2003 B029 Or.3</subfield>
    <subfield code="p">A28118</subfield>
    <subfield code="r">2024-07-05</subfield>
    <subfield code="s">2024-06-10</subfield>
    <subfield code="w">2017-12-15</subfield>
    <subfield code="y">AGR</subfield>
  </datafield>
</record>
